00769cam a22002171 4500001001300000003000400013005001700017008004100034010001700075035001900092040004700111050001400158100005000172245006700222260005400289300005500343440006400398490004400462651002800506999001700534s 13000101 DLC20260227111910.0751205s1881 dcuaef 000 0 eng c as 13000101  a(OCoLC)1876223 aSmithsonian Inst. LibrarycFMUdOCoLCdDLC00aQ11b.S681 aBransford, J. F.q(John Francis),d1846-1911.10aArchæological researches in Nicaragua.cBy J.F. Bransford ... aWashington City,bSmithsonian Institution,c1881. a2, iii-v, 96 p.billus. (incl. plan) 2 pl.c33 cm. 0aSmithsonian contributions to knowledge.v[vol. xxv, art. 2]0 aSmithsonian Institution publication 383 0aNicaraguaxAntiquities. c52655d52655